|
|
|
|
| LEADER |
00000nam0a2200000 4500 |
| 001 |
128218 |
| 005 |
20231101220112.0 |
| 010 |
|
|
|a 5699159495
|
| 035 |
|
|
|a (RuTPU)RU\TPU\book\138681
|
| 090 |
|
|
|a 128218
|
| 100 |
|
|
|a 20071225d2006 m y0rusy50 ca
|
| 101 |
1 |
|
|a rus
|c fre
|
| 102 |
|
|
|a RU
|
| 105 |
|
|
|a y z 000ab
|
| 200 |
1 |
|
|a Александр Дюма
|e пер. с фр.
|f А. Труайя
|
| 210 |
|
|
|a Москва
|c Эксмо
|d 2006
|
| 215 |
|
|
|a 544 с.
|
| 225 |
1 |
|
|a Роман - биография
|
| 600 |
|
1 |
|a Дюма (Дюма-отец)
|b А.
|c французский писатель
|f 1802-1870
|g Александр
|2 stltpush
|3 (RuTPU)RU\TPU\pers\10154
|9 2200
|
| 610 |
1 |
|
|a французская литература
|
| 610 |
1 |
|
|a проза
|
| 610 |
1 |
|
|a романы
|
| 610 |
1 |
|
|a французские писатели
|
| 610 |
1 |
|
|a персоналии
|
| 675 |
|
|
|a 84
|v 3
|
| 675 |
|
|
|a 84(09)
|v 3
|
| 700 |
|
1 |
|a Труайя
|b А.
|c французский писатель
|f 1911-
|g Анри
|2 stltpush
|3 (RuTPU)RU\TPU\pers\17239
|9 6371
|
| 801 |
|
1 |
|a RU
|b 63413507
|c 20071225
|g PSBO
|
| 801 |
|
2 |
|a RU
|b 63413507
|c 20111114
|g PSBO
|
| 942 |
|
|
|c BK
|